[Event "Wch U18 Girls blitz"]
[Site "Batumi"]
[Date "2023.06.10"]
[Round "2"]
[White "Bodnaruk, Kseniya"]
[Black "Nguyen, Hong Nhung"]
[Result "0-1"]
[WhiteElo "1915"]
[BlackElo "1996"]
[PlyCount "60"]
[EventDate "2023.06.10"]
[EventType "swiss (blitz)"]
[EventRounds "11"]
[EventCountry "GEO"]
[SourceTitle "EXT 2024"]
[Source "ChessBase"]
[SourceDate "2023.10.10"]
[SourceVersion "1"]
[SourceVersionDate "2023.10.10"]
[SourceQuality "1"]
[WhiteTeam "FIDE"]
[BlackTeam "Vietnam"]
[BlackTeamCountry "VIE"]

1. e4 c5 2. Nf3 e6 3. d4 cxd4 4. Nxd4 Nc6 5. Nc3 Qc7 6. Be2 a6 7. 0-0 Nf6 8. a4 Bb4 9. Nxc6 bxc6 10. Bd3 0-0 11. Ne2 d5 12. Ng3 Bd6 13. f4 e5 14. f5 Rd8 15. Qf3 a5 16. Kh1 Ba6 17. Bg5 Be7 18. Bxf6 Bxf6 19. Nh5 Qe7 20. g4 dxe4 21. Qxe4 Rd4 22. Qxc6 Bb7 23. Nxf6+ gxf6 24. Bb5 Bxc6+ 25. Bxc6 Rc8 26. Bf3 e4 27. Rae1 e3 28. Re2 Rd2 29. Rfe1 Rxe2 30. Rxe2 Rd8 0-1

[Event "Cheliabinsk Variation-B"]
[Site "Cheliabinsk"]
[Date "2022.04.09"]
[Round "8"]
[White "Barkasheva, Sofia"]
[Black "Bodnaruk, Kseniya"]
[Result "0-1"]
[WhiteElo "1534"]
[BlackElo "1873"]
[PlyCount "52"]
[EventDate "2022.04.01"]
[EventType "swiss"]
[EventRounds "9"]
[EventCountry "RUS"]
[SourceTitle "CBM 207 Extra"]
[Source "ChessBase"]
[SourceDate "2022.05.31"]
[SourceVersion "1"]
[SourceVersionDate "2022.05.31"]
[SourceQuality "1"]

1. e4 c5 2. Nf3 Nc6 3. d4 cxd4 4. Nxd4 Nf6 5. Nc3 d6 6. Bg5 e6 7. Qd2 a6 8. 0-0-0 Bd7 9. f4 Be7 10. Kb1 b5 11. Nxc6 Bxc6 12. Bd3 b4 13. Bxf6 Bxf6 14. Ne2 Qb6 15. g4 g6 16. f5 exf5 17. gxf5 g5 18. Bc4 Bxe4 19. Rhe1 d5 20. Bxd5 0-0-0 21. Nf4 Bf3 22. Ne2 Bxd5 23. Qc1 Qa5 24. b3 Be4 25. Ng3 Qe5 26. Rxd8+ Rxd8 0-1

[Event "Cheliabinsk Variation-B"]
[Site "Cheliabinsk"]
[Date "2022.04.08"]
[Round "7"]
[White "Bodnaruk, Kseniya"]
[Black "Zagrebina, Marina"]
[Result "1-0"]
[WhiteElo "1873"]
[BlackElo "1477"]
[PlyCount "49"]
[EventDate "2022.04.01"]
[EventType "swiss"]
[EventRounds "9"]
[EventCountry "RUS"]
[SourceTitle "CBM 207 Extra"]
[Source "ChessBase"]
[SourceDate "2022.05.31"]
[SourceVersion "1"]
[SourceVersionDate "2022.05.31"]
[SourceQuality "1"]

1. e4 e5 2. Nf3 Nc6 3. Bc4 Bc5 4. d3 d6 5. c3 Nf6 6. 0-0 a6 7. Bb3 h6 8. Re1 0-0 9. Nbd2 Be6 10. Nf1 Ne7 11. Ng3 Ng6 12. d4 Ba7 13. h3 Re8 14. Bc2 Qc8 15. Nh2 Nh4 16. Nh5 Nxh5 17. Qxh5 Ng6 18. Nf3 Bd7 19. Kh2 Qd8 20. g4 Qf6 21. g5 hxg5 22. Bxg5 Nf4 23. Qh4 Qe6 24. Bxf4 exf4 25. Rg1 1-0

[Event "Chernivtsi op"]
[Site "Chernivtsi"]
[Date "2021.07.25"]
[Round "9"]
[White "Bodnaruk, Kseniya"]
[Black "Gaplyak, Serhiy"]
[Result "1-0"]
[WhiteElo "1839"]
[BlackElo "1918"]
[PlyCount "55"]
[EventDate "2021.07.20"]
[EventType "swiss"]
[EventRounds "9"]
[EventCountry "UKR"]
[SourceTitle "CBM 203 Extra"]
[Source "ChessBase"]
[SourceDate "2021.09.30"]
[SourceVersion "1"]
[SourceVersionDate "2021.09.30"]
[SourceQuality "1"]

1. e4 c5 2. Nf3 d6 3. d4 cxd4 4. Nxd4 Nf6 5. Nc3 a6 6. Be2 e5 7. Nb3 Be7 8. Be3 0-0 9. a4 Be6 10. 0-0 Nbd7 11. a5 Nc5 12. Nxc5 dxc5 13. Qe1 Qc7 14. f4 exf4 15. Bxf4 Bd6 16. Bxd6 Qxd6 17. Bf3 Qe5 18. Qh4 Rad8 19. Rad1 Rd4 20. Qg3 Nd7 21. Qxe5 Nxe5 22. Rxd4 cxd4 23. Nd5 Rd8 24. Rd1 Nc6 25. Kf2 Nxa5 26. Rxd4 Nc6 27. Ne7+ Kf8 28. Nxc6 1-0

[Event "Chernivtsi op"]
[Site "Chernivtsi"]
[Date "2021.07.21"]
[Round "3"]
[White "Bodnaruk, Kseniya"]
[Black "Voitychuk, Orest"]
[Result "1/2-1/2"]
[WhiteElo "1839"]
[BlackElo "2000"]
[PlyCount "84"]
[EventDate "2021.07.20"]
[EventType "swiss"]
[EventRounds "9"]
[EventCountry "UKR"]
[SourceTitle "CBM 203 Extra"]
[Source "ChessBase"]
[SourceDate "2021.09.30"]
[SourceVersion "1"]
[SourceVersionDate "2021.09.30"]
[SourceQuality "1"]

1. e4 c5 2. Nf3 d6 3. d4 cxd4 4. Nxd4 Nf6 5. Nc3 a6 6. Bd3 e6 7. 0-0 Be7 8. Be3 Qc7 9. f4 Nc6 10. Nb3 0-0 11. a3 b5 12. Qf3 Bb7 13. Qh3 g6 14. g4 b4 15. Ne2 Nd7 16. g5 Rfe8 17. Rf3 Bf8 18. Qh4 Bg7 19. Rh3 Nf8 20. Rf1 Rad8 21. Ng3 bxa3 22. bxa3 Ne7 23. Nd4 e5 24. fxe5 dxe5 25. Nb3 Bc8 26. Nh1 Bxh3 27. Qxh3 Ne6 28. Nf2 Nc6 29. Ng4 Ncd4 30. Nxd4 exd4 31. Bd2 Qc5 32. e5 a5 33. Qf3 Rd7 34. a4 Rc7 35. Bb5 d3+ 36. Be3 Nd4 37. Qe4 Rd8 38. cxd3 Qb4 39. Bxd4 Qxd4+ 40. Qxd4 Rxd4 41. h3 Re7 42. Bc4 Rxg4+ 1/2-1/2

[Event "St Petersburg Amir Cup Rapid"]
[Site "St Petersburg"]
[Date "2021.05.22"]
[Round "5"]
[White "Bodnaruk, Kseniya"]
[Black "Shapiro, Viktor"]
[Result "0-1"]
[WhiteElo "1886"]
[BlackElo "2249"]
[PlyCount "129"]
[EventDate "2021.05.22"]
[EventType "swiss (rapid)"]
[EventRounds "9"]
[EventCountry "RUS"]
[SourceTitle "CBM 202 Extra"]
[Source "ChessBase"]
[SourceDate "2021.07.31"]
[SourceVersion "1"]
[SourceVersionDate "2021.07.31"]
[SourceQuality "1"]

1. e4 Nf6 2. e5 Nd5 3. d4 d6 4. Nf3 Bg4 5. Be2 e6 6. c4 Nb6 7. Nc3 Be7 8. 0-0 0-0 9. Bf4 Nc6 10. h3 Bxf3 11. gxf3 dxe5 12. dxe5 Nd7 13. Qc2 Ndxe5 14. Rad1 Qc8 15. Bg3 Ng6 16. f4 Bd6 17. Qe4 Nce7 18. Bf3 Nf5 19. Kh2 c6 20. Bg4 Qc7 21. Bxf5 exf5 22. Qxf5 Bxf4 23. Rd7 Qe5 24. Qxe5 Nxe5 25. Rxb7 Bxg3+ 26. fxg3 Nxc4 27. b3 Ne5 28. Ne4 a5 29. Rf5 f6 30. Nc5 Rf7 31. Rb6 Rd8 32. Rf2 Rd5 33. Ne6 Re7 34. Nf4 Rb5 35. Ra6 Kf7 36. Ne2 Rd5 37. Nf4 Rc5 38. Kg2 Rd7 39. Ra8 g6 40. Rh8 h5 41. Rh7+ Ke8 42. Rh8+ Ke7 43. Re2 g5 44. Ng6+ Kd6 45. Nf8 Rd8 46. Rd2+ Rd5 47. Rf2 Nd7 48. Ng6 Rxh8 49. Nxh8 Ke6 50. h4 gxh4 51. Ng6 Rg5 52. Nxh4 Ne5 53. Re2 Rg4 54. Nf3 a4 55. Rc2 axb3 56. axb3 Kd6 57. Rd2+ Kc7 58. Nd4 h4 59. Nf5 hxg3 60. Nxg3 Rb4 61. Nh5 f5 62. Re2 Nd3 63. Rf2 Nxf2 64. Kxf2 Rxb3 65. Ke1 0-1

[Event "St Petersburg-ch (Women)"]
[Site "St Petersburg"]
[Date "2019.03.17"]
[Round "7"]
[White "Bodnaruk, Kseniya"]
[Black "Vorobieva, Varvara"]
[Result "1-0"]
[WhiteElo "1746"]
[BlackElo "1861"]
[PlyCount "81"]
[EventDate "2019.03.11"]
[EventType "swiss"]
[EventRounds "9"]
[EventCountry "RUS"]
[SourceTitle "CBM 189 Extra"]
[Source "ChessBase"]
[SourceDate "2019.06.03"]
[SourceVersion "1"]
[SourceVersionDate "2019.06.03"]
[SourceQuality "1"]

1. e4 c6 2. d4 d5 3. Nc3 dxe4 4. Nxe4 Nd7 5. Ng5 Ngf6 6. Bd3 e6 7. N1f3 Bd6 8. Qe2 h6 9. Nxe6 fxe6 10. Bg6+ Ke7 11. 0-0 Nf8 12. Bd3 Qe8 13. Ne5 Kd8 14. c4 Bd7 15. Bd2 Qe7 16. b4 Be8 17. Rab1 Rc8 18. a4 Rg8 19. Rfd1 g5 20. b5 c5 21. dxc5 Bxc5 22. Ba5+ b6 23. Ng4 Nxg4 24. Qxg4 Kc7 25. Bc3 Bd6 26. c5 bxc5 27. Ba5+ Kb8 28. b6 Bc6 29. bxa7+ Kxa7 30. Qc4 Bb7 31. Rxb7+ Qxb7 32. Rb1 Qc6 33. Rb6 Qxb6 34. Bxb6+ Kxb6 35. Qa6+ Kc7 36. Bb5 Be5 37. Qc6+ Kb8 38. Qb6+ Ka8 39. Bc6+ Rxc6 40. Qxc6+ Kb8 41. Qe8+ 1-0

[Event "St Petersburg-ch (Women)"]
[Site "St Petersburg"]
[Date "2019.03.12"]
[Round "2"]
[White "Bodnaruk, Kseniya"]
[Black "Yurasova, Daria"]
[Result "0-1"]
[WhiteElo "1746"]
[BlackElo "2158"]
[PlyCount "124"]
[EventDate "2019.03.11"]
[EventType "swiss"]
[EventRounds "9"]
[EventCountry "RUS"]
[SourceTitle "CBM 189 Extra"]
[Source "ChessBase"]
[SourceDate "2019.06.03"]
[SourceVersion "1"]
[SourceVersionDate "2019.06.03"]
[SourceQuality "1"]

1. e4 e6 2. d4 d6 3. f4 Nd7 4. Nf3 c5 5. c3 Ngf6 6. Bd3 cxd4 7. cxd4 Qb6 8. Nc3 Be7 9. 0-0 0-0 10. e5 dxe5 11. fxe5 Nxe5 12. Bxh7+ Nxh7 13. Nxe5 Bf6 14. Kh1 Rd8 15. Qh5 Qc7 16. Nb5 Qe7 17. b3 g6 18. Qh6 Qf8 19. Qxf8+ Kxf8 20. Ba3+ Kg8 21. Rxf6 Nxf6 22. Be7 Bd7 23. Nc7 Nd5 24. Nxd5 exd5 25. Bxd8 Rxd8 26. Nxd7 Rxd7 27. Rc1 Kf8 28. Kg1 Ke7 29. Kf2 Kd6 30. Re1 Rc7 31. Re2 Rc6 32. Ke1 Rc1+ 33. Kd2 Ra1 34. Ke3 b6 35. Kd3 Kc6 36. g3 Kb5 37. Kc3 Rc1+ 38. Rc2 Rd1 39. a3 Kc6 40. Rd2 Rf1 41. Re2 Rf3+ 42. Kc2 Kd6 43. Rd2 Re3 44. Rd3 Re2+ 45. Rd2 Re4 46. Kc3 a6 47. Kd3 f5 48. Re2 g5 49. h3 Ke6 50. g4 Kf6 51. gxf5 Rh4 52. Re5 Rxh3+ 53. Kc2 g4 54. Rxd5 g3 55. Rd8 Kxf5 56. Rg8 Ke4 57. Kc3 g2+ 58. Kc4 Kf3 59. Rf8+ Ke2 60. Rg8 Kf2 61. d5 Rg3 62. Rf8+ Ke2 0-1

[Event "Chigorin Memorial 26th"]
[Site "St Petersburg"]
[Date "2018.10.28"]
[Round "2"]
[White "Volkov, Roman"]
[Black "Bodnaruk, Kseniya"]
[Result "1-0"]
[WhiteElo "2070"]
[BlackElo "1777"]
[PlyCount "143"]
[EventDate "2018.10.27"]
[EventType "swiss"]
[EventRounds "9"]
[EventCountry "RUS"]
[SourceTitle "CBM 187 Extra"]
[Source "ChessBase"]
[SourceDate "2018.11.04"]
[SourceVersion "1"]
[SourceVersionDate "2018.11.04"]
[SourceQuality "1"]

1. d4 d5 2. c4 e6 3. Nf3 Nf6 4. g3 Be7 5. Bg2 0-0 6. 0-0 c5 7. cxd5 exd5 8. Nc3 Nc6 9. b3 Ne4 10. Bb2 Bf6 11. Na4 b5 12. Nxc5 Nxc5 13. Rc1 Nxb3 14. axb3 Bb7 15. Qd3 a6 16. Rfd1 Re8 17. e3 Rc8 18. Bh3 Rc7 19. Ba3 Be7 20. Bc5 Bc8 21. Bg2 Bxc5 22. dxc5 Be6 23. Qd2 Qf6 24. Nd4 Nxd4 25. Qxd4 Qxd4 26. exd4 f6 27. Re1 Kf7 28. Ra1 Rc6 29. Re3 Rd8 30. b4 g6 31. Rae1 Rd7 32. f4 f5 33. Bf3 Kf6 34. Kf2 Ra7 35. Be2 Bd7 36. Ra1 Re6 37. Re5 Bc6 38. Bf3 Rxe5 39. dxe5+ Ke6 40. Ke2 h6 41. Kd3 Ra8 42. Kd4 Ra7 43. h3 h5 44. Be2 Ra8 45. Bd3 Be8 46. Bc2 Ra7 47. Ra3 Ra8 48. Bd1 Bc6 49. Bf3 Ra7 50. g4 h4 51. gxf5+ Kxf5 52. Bg4+ Kxf4 53. Rf3+ Kg5 54. Rf6 Rc7 55. Rxc6 Rxc6 56. Kxd5 Rc7 57. Kd6 Rg7 58. c6 a5 59. c7 Rxc7 60. Kxc7 axb4 61. e6 b3 62. Bd1 b2 63. Bc2 Kf4 64. e7 Kg3 65. e8Q Kxh3 66. Qxg6 Kh2 67. Bb1 h3 68. Kd8 b4 69. Ke7 b3 70. Kf6 Kh1 71. Ke5 h2 72. Be4# 1-0